000 01213nam a2200253Ia 4500
003 OSt
005 20211105094340.0
008 210310t2000 sp fr 000 0 spa d
020 _a8485855949
040 _aCO-JMCR
_cCO-JMCR
041 0 _aspa
082 0 4 _a339.076 /
_bD277e
_223
100 1 _aDíaz, Carmen,
_918054
_eautor
245 1 0 _aEjercicios de macroeconomía intermedia /
_cCarmen Díaz, Óscar Bajo, Ma. Antònia Monés
260 _aBarcelona :
_cAntoni Bosch editor,
_b©2000
300 _a150 páginas ;
_c28 cm.
500 _aIncluye datos biográficos de los autores.
505 0 _aEl modelo básico de demanda agregada -- La oferta agregada y la política macroeconómica -- La economía abierta
520 3 _aEl libro Ejercicios de macroeconomía intermedia contiene ejercicios cuya clasificación y nomenclatura se corresponden con las del Curso de macroeconomía intermedia, 2° Ed., publicado por esta editorial, aunque pueda utilizarse como complemento de cualquier otro texto de macroeconomía intermedia.
650 1 4 _aMacroeconomía
_918056
_xProblemas y ejercicios
700 1 _aBajo, Óscar,
_eautor
_941431
700 1 _aMonés, Ma. Antònia,
_eautor
_941432
942 _2ddc
_cBK
999 _c8708
_d8708